000 00759nam0a22002411 4500
001 rc\394438
005 20250621071109.0
010 _a5-7545-0289-3
_930000
035 _a(NLR Aleph) 005643855
090 _a6697847
_c6697847
100 _a20030616d1989 |||y0rusy50 ca
101 0 _arus
102 _aRU
105 _aa |||||||||
200 1 _aПриусадебное хозяйство
_eКн. для жителей села и дачников
_f[Подгот. Ж.Г. Бусаровой и др.]
210 _aПетрозаводск
_cКарелия
_d1989
215 _a207 с.
_cил.
_d17
702 1 _aБусарова
_bЖ.Г.
_4570
801 0 _aRU
_bNLR
_gpsbo
801 1 _aRU
_bELAR
_2rusmarc
852 _aNLR
_j89-2/3539
942 _cBOOK
980 _aNB